000 00570nam a22001937a 4500
003 0
005 20231005122445.0
008 231005b xxu||||| |||| 00| 0 eng d
020 _a978-0-141-34683-0
050 _aPZ 7
_b.R4829 2018
100 _aRiordan, Rick
245 _aPercy Jackson and the battle of the labyrinth
_cRick Riordan
260 _aUnited Kingdom
_bPuffin Books
_cc2018.
300 _a341 pages ;
_c20 cm.
440 _aThe Percy Jackson series
500 _aGreek mythology--Fiction.
650 _aGreek mythology--Fiction.
942 _2lcc
_cBK
999 _c365469
_d365469